Welcome to CU Library Online Public Access Catalogue (OPAC)

Applied strength of materials / (Record no. 8465)

MARC details
000 -LEADER
fixed length control field 00584cam a22002054a 4500
001 - CONTROL NUMBER
control field 12288167
005 - DATE AND TIME OF LATEST TRANSACTION
control field 20251129164603.0
008 - FIXED-LENGTH DATA ELEMENTS--GENERAL INFORMATION
fixed length control field 010124s2002 njua b 001 0 eng
020 ## - INTERNATIONAL STANDARD BOOK NUMBER
International Standard Book Number 0130885789
020 ## - INTERNATIONAL STANDARD BOOK NUMBER
International Standard Book Number 9780130885784
050 00 - LIBRARY OF CONGRESS CALL NUMBER
Classification number TA405
Item number .M883 2002
082 00 - DEWEY DECIMAL CLASSIFICATION NUMBER
Classification number 620.1/12
Edition information 21
100 1# - MAIN ENTRY--PERSONAL NAME
Personal name Mott, Robert L.
245 10 - TITLE STATEMENT
Title Applied strength of materials /
Statement of responsibility, etc. Robert L. Mott.
250 ## - EDITION STATEMENT
Edition statement 4th ed.
260 ## - PUBLICATION, DISTRIBUTION, ETC.
Place of publication, distribution, etc. Upper Saddle River, N.J. :
Name of publisher, distributor, etc. Prentice Hall,
Date of publication, distribution, etc. 2002.
300 ## - PHYSICAL DESCRIPTION
Extent xiv, 704 p. :
Other physical details ill. ;
Dimensions 26 cm.
650 #0 - SUBJECT ADDED ENTRY--TOPICAL TERM
Topical term or geographic name entry element Strength of materials.
942 ## - ADDED ENTRY ELEMENTS (KOHA)
Source of classification or shelving scheme Library of Congress Classification
Koha item type Books
Edition 4th ed.
Suppress in OPAC No
999 ## -
-- 8465
-- 8465
Holdings
Withdrawn status Lost status Source of classification or shelving scheme Damaged status Not for loan Collection Home library Current library Shelving location Date acquired Total checkouts Full call number Barcode Date last seen Copy number Price effective from Koha item type
    Library of Congress Classification     Non-fiction Science Library (Miotso) Science Library (Miotso) General stacks 11/29/2025   TA405 .M883 MOT SLM00006493 11/29/2025 1 11/29/2025 Books
© 2023-2024 Copyright: Central University Libraries. All Rights Reserved | Created by: Mahone Tech Office